[Event "RUS-chT Blitz Women 2018"]
[Site "Sochi"]
[Date "2018.10.10"]
[Round "10"]
[White "Charochkina, Daria"]
[Black "Vifleemskaia, Svetlana"]
[Result "1-0"]
[WhiteElo "2344"]
[BlackElo "2030"]
[Annotator "ChessBase"]
[PlyCount "95"]
[EventDate "2018.10.10"]
[EventType "swiss"]
[EventCountry "RUS"]
[SourceTitle "playchess.com"]
[Source "ChessBase"]
[SourceQuality "1"]
[TimeControl "180+2"]

1. d4 {[%emt 0:00:00]} Nc6 {[%emt 0:00:00]} 2. g3 {[%emt 0:00:09]} d5 {[%emt 0:00:01]} 3. Bg2 {[%emt 0:00:01]} Bf5 {[%emt 0:00:02]} 4. Nf3 {[%emt 0:00:05]} Qd7 {[%emt 0:00:01]} 5. c3 {[%emt 0:00:06]} f6 {[%emt 0:00:11]} 6. Bf4 {[%emt 0:00:03]} g5 {[%emt 0:00:07]} 7. Be3 {[%emt 0:00:02]} Bh3 {[%emt 0:00:29]} 8. Bxh3 {[%emt 0:00:05]} Qxh3 {[%emt 0:00:02]} 9. Qb3 {[%emt 0:00:01]} O-O-O {[%emt 0:00:04]} 10. Nbd2 {[%emt 0:00:04]} Nh6 {[%emt 0:00:32]} 11. O-O-O {[%emt 0:00:19]} Nf5 {[%emt 0:00:20]} 12. Nf1 {[%emt 0:00:02]} g4 {[%emt 0:00:15]} 13. Ne1 {[%emt 0:00:07]} Bh6 {[%emt 0:00:07]} 14. Bxh6 {[%emt 0:00:04]} Qxh6+ {[%emt 0:00:03]} 15. Kb1 {[%emt 0:00:03]} Qg6 {[%emt 0:00:05]} 16. Ka1 {[%emt 0:00:03]} Nd6 {[%emt 0:00:05]} 17. Qxd5 {[%emt 0:00:12]} Ne4 {[%emt 0:00:06]} 18. Qe6+ {[%emt 0:00:01]} Kb8 {[%emt 0:00:01]} 19. Nd3 {[%emt 0:00:03]} Rd6 {[%emt 0:00:10]} 20. Qb3 {[%emt 0:00:01]} Rhd8 {[%emt 0:00:15]} 21. Ne3 {[%emt 0:00:06]} e5 {[%emt 0:00:19]} 22. dxe5 {[%emt 0:00:05]} fxe5 {[%emt 0:00:05]} 23. Nc4 {[%emt 0:00:05]} Rd5 {[%emt 0:00:15]} 24. Ndxe5 {[%emt 0:00:18]} Nxe5 {[%emt 0:00:06]} 25. Nxe5 {[%emt 0:00:02]} Qd6 {[%emt 0:00:04]} 26. Rxd5 {[%emt 0:00:34]} Qxd5 {[%emt 0:00:01]} 27. Qxd5 {[%emt 0:00:02]} Rxd5 {[%emt 0:00:00]} 28. Nxg4 {[%emt 0:00:03]} Rd2 {[%emt 0:00:02]} 29. Re1 {[%emt 0:00:08]} h5 {[%emt 0:00:02]} 30. f3 {[%emt 0:00:02]} hxg4 {[%emt 0:00:04]} 31. fxe4 {[%emt 0:00:01]} c5 {[%emt 0:00:02]} 32. Kb1 {[%emt 0:00:03]} Kc7 {[%emt 0:00:00]} 33. Kc1 {[%emt 0:00:02]} Rd7 {[%emt 0:00:02]} 34. Rf1 {[%emt 0:00:06]} Rh7 {[%emt 0:00:01]} 35. Rf2 {[%emt 0:00:01]} Kd6 {[%emt 0:00:01]} 36. Kd2 {[%emt 0:00:02]} Ke5 {[%emt 0:00:02]} 37. Ke3 {[%emt 0:00:01]} b6 {[%emt 0:00:02]} 38. Rf4 {[%emt 0:00:09]} Rxh2 {[%emt 0:00:03]} 39. Rxg4 {[%emt 0:00:01]} Rh1 {[%emt 0:00:04]} 40. Rg7 {[%emt 0:00:06]} Rb1 {[%emt 0:00:03]} 41. b3 {[%emt 0:00:04]} a5 {[%emt 0:00:02]} 42. Rb7 {[%emt 0:00:02]} Rb2 {[%emt 0:00:03]} 43. Rxb6 {[%emt 0:00:00]} Rxa2 {[%emt 0:00:01]} 44. Rb5 {[%emt 0:00:03]} Kd6 {[%emt 0:00:01]} 45. e5+ {[%emt 0:00:02]} Kc6 {[%emt 0:00:02]} 46. e6 {[%emt 0:00:09]} Ra1 {[%emt 0:00:06]} 47. Rxc5+ {[%emt 0:00:14]} Kd6 {[%emt 0:00:05]} 48. Re5 {[%emt 0:00:02]} 1-0

[Event "RUS-chT Blitz Women 2018"]
[Site "Sochi"]
[Date "2018.10.10"]
[Round "10"]
[White "Tomilova, Elena"]
[Black "Zavivaeva, Emilia"]
[Result "1-0"]
[WhiteElo "2328"]
[BlackElo "1633"]
[Annotator "TA"]
[PlyCount "56"]
[EventDate "2018.10.10"]
[EventType "swiss"]
[EventCountry "RUS"]
[SourceTitle "playchess.com"]
[Source "ChessBase"]
[SourceQuality "1"]

{[%evp 9,56,39,33,33,31,27,36,22,30,33,43,4,47,27,22,22,29,-8,32,9,12,20,30,-4,-18,-13,0,-8,-28,-48,0,-97,123,0,178,0,-16,-100,-23,-41,0,0,225,54,332,52,406,7,29991]} 1. d4 Nf6 2. Bg5 e6 {[#]} 3. e4 $1 {[%mdl 512]} d5 (3... Nxe4 4. Bxd8) 4. e5 h6 5. Be3 Nfd7 6. f4 {A45: Trompowsky Attack} (6. c3 c5 7. f4 Nc6 8. Nf3 Be7 9. Bd3 cxd4 10. cxd4 Nb4 11. Be2 Nb6 {0-1 (32) Adams,M (2729)-Ivanchuk,V (2787) Moscow 2007}) 6... a6 7. Nf3 c5 8. c3 {[%cal Bc2c3,Bc3d4][%mdl 32] White is slightly better.} Nc6 9. Nbd2 Be7 $146 ({Predecessor:} 9... b5 10. Nb3 c4 11. Nbd2 b4 12. cxb4 Bxb4 {½-½ (31) Donka,P (2220)-Papp,G Debrecen 1994}) 10. Bd3 cxd4 11. cxd4 Nb6 12. O-O Bd7 13. Kh1 O-O 14. a3 Na5 15. b3 Bb5 16. Qe2 Bxd3 17. Qxd3 Rc8 18. f5 exf5 19. Qxf5 Rc3 20. Rae1 (20. Bxh6 $1 $11 gxh6 21. e6) 20... Nxb3 $2 (20... Qc8 $17 21. Qb1 Bxa3) 21. e6 (21. Nxb3 $16 {Black must now prevent Bxh6.} Nc4 22. Bxh6 gxh6 23. Nc5) 21... Qd6 $2 ({Don't blunder} 21... Bxa3 $2 22. Ng5 $1 $18 {[%mdl 512]}) (21... Nxd2 $1 $11 22. Bxd2 Rc6) 22. exf7+ $2 (22. Nxb3 $18 {Strongly threatening Nc5.} Qxe6 23. Qb1 (23. Qxe6 fxe6 24. Nc5 Nc4 $16)) 22... Rxf7 $11 23. Qg4 (23. Qb1 $1 $11 {remains equal.} Na5 24. Bf2) 23... Nxd2 (23... Qd7 $17 24. Qg6 Rf6) 24. Bxd2 Rxa3 25. Re6 Qd8 $2 (25... Qd7 $1 $11 {and Black has nothing to worry.} 26. Qg6 Nc4 27. Bxh6 Qd8) 26. Bxh6 $2 (26. Rxh6 $1 $18 Rf6 27. Rxf6 Bxf6 28. Qe6+ Kh8 29. Re1) 26... Nc4 $2 {[%mdl 8192] [#]} (26... Qd7 $1 $14) 27. Rfe1 $2 (27. Ng1 $1 $18 {[%mdl 512] White wants to mate with Rxf7.} Qe8 28. Rxf7 Qxf7 {[#]} 29. Bxg7 $1 {[%mdl 512]} Qxg7 30. Rg6 Qxg6 31. Qxg6+ Kf8 32. h4 $1 {[%mdl 512]}) 27... Ra2 $2 {[%mdl 8192]} (27... Qd7 $1 $14) 28. Ng5 $2 ({White must play} 28. Qh5 $18) 28... Rf8 $2 {[%mdl 8192] Precision: White = 18%, Black = 25%.} (28... Bxg5 $11 29. Bxg5 (29. Re8+ $2 Qxe8 30. Rxe8+ Kh7 $19) 29... Qf8) 1-0

[Event "RUS-chT Blitz Women 2018"]
[Site "Sochi"]
[Date "2018.10.10"]
[Round "10"]
[White "Guseva, Marina"]
[Black "Khusneeva, Alina"]
[Result "1-0"]
[WhiteElo "2292"]
[BlackElo "1066"]
[Annotator "TA"]
[PlyCount "65"]
[EventDate "2018.10.10"]
[EventType "swiss"]
[EventCountry "RUS"]
[SourceTitle "playchess.com"]
[Source "ChessBase"]
[SourceQuality "1"]

{[%evp 15,64,120,134,64,143,89,104,95,179,185,196,182,191,154,187,175,170,173,268,277,286,209,283,309,265,195,186,193,192,197,296,292,375,339,400,393,389,385,504,489,518,521,948,938,29996,29997,29997,29998,29998,29999,29999]} 1. d4 Nf6 2. c4 g6 3. Nf3 Bg7 4. g3 d6 5. Bg2 O-O 6. O-O c5 7. Nc3 e6 8. dxc5 {E65: King's Indian: Fianchetto: 6...c5 7 0-0 without d5 by White} dxc5 {LiveBook: 3 Games} 9. Ne5 (9. Qxd8 $16 Rxd8 10. Be3) (9. Bf4 Qb6 10. Qb3 Nfd7 11. Rfd1 Nc6 12. Bd6 Rd8 13. Nb5 Nf8 14. Rd2 Qa5 15. Bc7 Rxd2 16. Bxa5 Nxa5 {1-0 (44) Mestre Bellido,H (2295)-Subirats Ruiz,S (2187) Barcelona 2015}) 9... a6 ({Black should play} 9... Qe7 $14) 10. Nd3 $146 (10. Qxd8 $142 Rxd8 11. Be3) ({Predecessor:} 10. Qc2 Nfd7 11. Ng4 Nc6 12. Bxc6 bxc6 13. Nh6+ Kh8 14. Rd1 Qe7 15. Ne4 Rb8 16. Rb1 Rd8 {1-0 (39) Schroeder,R-Luettig,H Pinneberg 1992}) 10... Nbd7 11. Bf4 Kh8 (11... Qe7 $16 {was called for.}) 12. Bd6 $18 Re8 13. Nxc5 Nxc5 14. Bxc5 Qc7 15. Qd6 Qxd6 16. Bxd6 Rd8 (16... e5 $142 17. e4 Bd7) 17. Rfd1 Re8 18. Be5 h5 19. Na4 Nd7 20. Bxg7+ Kxg7 21. Rd6 Rb8 22. c5 Ne5 (22... e5 $142 23. b4 e4) 23. Nb6 Kg8 24. Rad1 Nc6 25. Bxc6 bxc6 26. Rxc6 Bb7 27. Rc7 Ba8 28. Rdd7 a5 29. Rxf7 {[#] Threatening mate with Rg7+.} a4 30. Rg7+ {White mates.} Kh8 31. Rh7+ Kg8 32. Rcg7+ Kf8 33. Nd7# {Precision: White = 70%, Black = 18%.} 1-0

[Event "RUS-chT Blitz Women 2018"]
[Site "Sochi"]
[Date "2018.10.10"]
[Round "10"]
[White "Goncharova, Natalia Olegovna"]
[Black "Nebolsina, Vera"]
[Result "1/2-1/2"]
[WhiteElo "2249"]
[BlackElo "2220"]
[Annotator "TA"]
[PlyCount "68"]
[EventDate "2018.10.10"]
[EventType "swiss"]
[EventCountry "RUS"]
[SourceTitle "playchess.com"]
[Source "ChessBase"]
[SourceQuality "1"]

{[%evp 13,68,7,13,-8,0,0,0,0,0,-83,-74,-86,-91,-83,0,-133,-1,-15,0,6,7,-21,-22,-20,-18,-36,-29,-40,-5,-11,0,0,0,-38,-8,-27,-23,-41,-18,-57,0,0,0,0,186,173,485,342,306,8,264,0,246,0,0,0,0]} 1. e4 e5 2. Nf3 Nf6 3. Nc3 Nc6 4. Bb5 Bb4 5. d3 d6 6. O-O O-O 7. h3 h6 {LiveBook: 9 Games} 8. Be3 {C49: Four Knights: 4 Bb5 Bb4} Bxc3 (8... Be6 9. Bxc6 bxc6 10. Ne2 Nd7 11. d4 Qf6 12. c3 Ba5 13. Qa4 Bb6 14. Qxc6 Bxh3 15. dxe5 Qg6 {1-0 (45) Zozulia,A (2316)-Assaubayeva,B (2381) Riadh 2017}) 9. bxc3 Ne7 {[%cal Bc6e7,Be7g6,Bg6f4][%mdl 32]} 10. Nd2 $146 ({Predecessor:} 10. Qd2 Ng6 11. Nh2 c6 12. Ba4 a5 13. c4 d5 14. cxd5 b5 15. Bc5 Re8 {0-1 (15) Whale,M (1864)-Evans,N (1839) Cardiff 2014}) 10... Ng6 11. f4 (11. d4 $11 {remains equal.}) 11... Nxf4 12. Bxf4 exf4 13. Rxf4 Qe7 (13... c6 $17 14. Bc4 Qa5) 14. Qf3 (14. d4 $11) 14... Be6 (14... Qe5 $17 15. Rb1 Qxc3) 15. Ba4 Nd7 16. Bb3 a5 {[%cal Ba7a5,Ba5a4][%mdl 32]} 17. Rf1 a4 18. Bxe6 fxe6 19. Qg4 Rxf4 20. Rxf4 Rf8 (20... Ra6 {with more complications.} 21. Rf2 Rc6 22. Nc4 b5 23. Na3 Rb6) 21. Rxf8+ Nxf8 22. Nf3 Qf6 23. Nd4 c6 24. h4 Qe5 25. Ne2 Qc5+ 26. d4 Qb6 (26... Qc4 $15 27. a3 Nd7) 27. Nf4 $36 {[%mdl 2048] White has good play.} Qb1+ 28. Kh2 {Black must now prevent Nh5.} Qf1 $2 ({Not} 28... Qxc2 $2 29. Nh5 $18) (28... Qe1 $11) 29. Nxe6 $18 Nxe6 $2 (29... Qf6) 30. Qxe6+ {KQ-KQ} Kh8 {[#]} 31. Qxd6 $2 (31. Qc8+ $1 $18 Kh7 32. Qf5+ (32. Qxb7 Qf4+ 33. g3 Qxe4 $11) 32... Qxf5 33. exf5) 31... Qe2 $2 {[%mdl 8192]} (31... Qf2 $11 {and Black stays safe.}) 32. e5 $2 (32. Qf8+ $18 Kh7 33. Qf5+ Kg8 34. e5) 32... Qe4 $2 {[#]} (32... Qf2 $11 {and Black is okay.}) 33. e6 $2 (33. Qf8+ $1 $18 Kh7 34. Qf2) 33... Qxh4+ $11 34. Kg1 Qe1+ {Precision: White = 27%, Black = 22%.} 1/2-1/2

[Event "RUS-chT Blitz Women 2018"]
[Site "Sochi"]
[Date "2018.10.10"]
[Round "10"]
[White "Markelova, Lubov"]
[Black "Fairuzova, Zulfiiya"]
[Result "0-1"]
[WhiteElo "2190"]
[BlackElo "1847"]
[Annotator "TA"]
[PlyCount "61"]
[EventDate "2018.10.10"]
[EventType "swiss"]
[EventCountry "RUS"]
[SourceTitle "playchess.com"]
[Source "ChessBase"]
[SourceQuality "1"]

{[%evp 13,61,33,42,52,50,53,51,10,28,16,24,21,50,50,51,32,48,39,70,81,81,71,106,107,140,75,75,78,150,141,168,71,79,70,88,82,143,86,91,99,90,96,108,39,37,39,48,50,182,0]} 1. Nf3 Nf6 2. c4 d6 3. Nc3 e5 4. e4 Be7 5. d4 exd4 6. Nxd4 Nc6 {A54: Old Indian Defence with Nf3, but without e4} (6... O-O 7. Be2 a5 8. O-O Na6 9. f3 Nc5 10. Be3 Re8 11. Qd2 c6 12. Rfd1 Qc7 13. Bf1 g6 14. Rab1 {½-½ (60) Zubarev,A (2553)-Bortnyk,O (2552) Schwaebisch Gmuend 2016}) 7. Be2 O-O {LiveBook: 4 Games} 8. Be3 Nxd4 {White is slightly better.} 9. Bxd4 Nd7 $146 ({Predecessor:} 9... b6 10. Qc2 Re8 11. O-O Bb7 12. e5 dxe5 13. Bxe5 {1-0 (45) Lachat,M (1610)-Aigner,G (1883) Bssum 2014}) 10. Nd5 Nf6 (10... Nc5 {looks sharper.} 11. O-O Nxe4 12. Bd3 f5 13. Re1 Bh4) 11. Nxe7+ Qxe7 12. f3 {[%cal Bf2f3,Bf3f4][%mdl 32]} Be6 13. O-O Nd7 14. Rc1 a6 15. b3 Ne5 16. f4 Nc6 17. Bc3 {Threatens to win with f5.} f5 18. Bf3 Kh8 19. g3 (19. exf5 $142 Bxf5 20. Re1) 19... fxe4 $16 20. Bxe4 {Black must now prevent Qh5.} Bh3 (20... Bf5 $142 21. Bxf5 Rxf5) 21. Re1 Qf7 22. Bd5 (22. Qd5 $18 {is more deadly.}) 22... Qg6 23. Qc2 $40 {[%mdl 128] Hoping for Qxg6. White is up to no good.} Bf5 24. Qg2 Bd7 (24... Rae8 $142 25. Bxc6 bxc6) 25. Re3 (25. Be4 $142 Qh6 26. b4) 25... Rae8 26. Rce1 Rxe3 27. Rxe3 Re8 28. Qe2 ({White should play} 28. Be4 $16 Qg4 29. Qb2) 28... Rxe3 29. Qxe3 Qb1+ 30. Qe1 Qxa2 {[#]} ({Black should try} 30... Qxe1+ $14 31. Bxe1 b6) 31. c5 $2 {[%mdl 32768] Precision: White = 33%, Black = 33%. . Loss on Time!?} (31. b4 $1 $18) 0-1

[Event "RUS-chT Blitz Women 2018"]
[Site "Sochi"]
[Date "2018.10.10"]
[Round "10"]
[White "Shendrik, Zhanna"]
[Black "Vasilevich, Tatjana"]
[Result "0-1"]
[WhiteElo "1934"]
[BlackElo "2360"]
[Annotator "TA"]
[PlyCount "130"]
[EventDate "2018.10.10"]
[EventType "swiss"]
[EventCountry "RUS"]
[SourceTitle "playchess.com"]
[Source "ChessBase"]
[SourceQuality "1"]

{[%evp 9,130,20,84,63,77,54,47,44,48,56,57,37,60,54,72,19,46,13,31,35,76,18,14,16,15,0,0,0,0,8,0,6,0,-28,-18,-21,-20,-67,-57,-420,-420,-355,-59,-102,-107,-111,-114,-262,-239,-216,-141,-198,-195,-189,-52,-58,-52,-92,-18,-96,-18,-227,-215,-454,-131,-150,-45,-45,-45,-44,-7,-64,-64,-64,-64,-64,-64,-68,-70,-91,-91,-91,-85,-91,-91,-91,-36,-36,-21,-75,-75,-75,0,-75,-75,-75,-75,-75,-8,-8,-8,-11,-18,-33,-40,-86,-93,-29993,-29994,-29994,-29976,-29971,-5409,-12825,-190,-190,-8,-29992,-29993,-29998,-29990,-29990,-29991]} 1. d4 Nf6 2. c4 c5 3. d5 b5 4. cxb5 a6 5. bxa6 d6 (5... e6 $11) (5... g6 6. Nc3 Bg7 7. Nf3 O-O 8. g3 d6 9. Bg2 Nxa6 10. O-O Bf5 11. Nh4 Bd7 12. b3 Qb6 13. Bd2 Rfb8 14. Re1 Nc7 15. Qc2 Ra3 16. Qc1 Qa7 17. e4 Ng4 18. h3 {0-1 (38) Li,C (2732)-Shankland,S (2671) Liaocheng 2018}) 6. Nf3 {A58: Benko/Volga Gambit: Lines with 5 bxa6} Bxa6 7. g3 g6 8. Bg2 {White is slightly better.} Bg7 9. O-O O-O 10. Re1 Nfd7 {[%cal Bf6d7,Bd7b6,Bb6c4][%mdl 32]} 11. Nc3 Nb6 12. Rb1 (12. Bf4 $16) 12... N8d7 13. Bg5 $146 ({Predecessor:} 13. Qc2 Nc4 14. b3 Qa5 15. Na4 Nde5 16. Rd1 Bb5 17. Nxe5 Bxe5 18. a3 Nxa3 19. Bxa3 c4 20. Nb6 Qxb6 21. bxc4 Ba4 22. Qd3 Qa6 23. Rdc1 Rfb8 24. e3 Bd7 25. Rxb8+ Rxb8 {½-½ (25) Mohannad,F (2305)-Asabri,H (2216) Monastir 2013}) 13... h6 14. Bf4 Kh7 15. e4 (15. Rc1 $16) 15... Nc4 $11 {next ...Nxb2! is good for Black.} 16. Qc2 Qa5 17. Rbc1 Rfb8 $36 {[%mdl 2048] Black is more active.} 18. b3 Nce5 19. Nxe5 Nxe5 20. Bxe5 Bxe5 21. Ne2 Rc8 22. f4 Bg7 23. Kh1 c4 $1 {[%cal Rc4b3]} 24. Qb1 $2 {[%mdl 8192]} (24. b4 $1 $15 Qxb4 25. Nc3) 24... cxb3 $19 25. axb3 Qb4 $2 (25... Rxc1 $1 $19 26. Qxc1 Rb8) 26. Rxc8 Rxc8 27. Ng1 Rc3 28. Nf3 (28. e5 $17) 28... Rxb3 29. Qc1 Rb2 30. e5 (30. Qe3 $17) 30... Bc4 31. Qd1 Qb3 (31... Qc5 $19 32. Rg1 Ra2) 32. Qxb3 $15 Bxb3 33. Nd4 dxe5 (33... Ba2 $17 34. Bf3 dxe5 35. fxe5 Rd2) 34. fxe5 (34. Nxb3 $11 {remains equal.} Rxb3 35. fxe5) 34... Bxe5 (34... Bc4 $17 {Threatens to win with ...Bxe5!} 35. Bf3 Rd2) 35. Nc6 $2 (35. Nxb3 $11 {and White has nothing to worry.} Rxb3 36. Rxe5 Rb1+ 37. Bf1 Rxf1+ 38. Kg2) 35... Bf6 {aiming for ...Rxg2!} 36. h3 $2 {[#]} (36. Be4) 36... Rd2 $2 (36... Rxg2 $1 $19 {[%mdl 512] is more deadly.} 37. Kxg2 Bxd5+ 38. Kf2 Bxc6) 37. Nxe7 $17 Bxe7 (37... Kg7 $17 38. Nc8 Bxd5 39. Bxd5 Rxd5) 38. Rxe7 {[%mdl 4096] Endgame KRB-KRB} Kg7 39. Rd7 Kf6 40. Rb7 ({Better is} 40. Kg1 $11) 40... Bxd5 $15 41. Bxd5 Rxd5 {KR-KR} 42. Rb6+ Kg5 43. Rb2 h5 {[%cal Bh6h5,Bh5h4][%mdl 32]} 44. Kg2 h4 45. g4 Re5 46. Rf2 f6 47. Rd2 f5 (47... Rb5 $17 48. Rd3 Rb2+ 49. Kf1 Rc2) 48. gxf5 gxf5 {Hoping for ...Re3.} 49. Rc2 (49. Kf3 $11) 49... Kf4 $17 50. Rf2+ Kg5 ({Black should try} 50... Ke3 $17 51. Rf3+ Ke4) 51. Rd2 (51. Rc2 $11) 51... Re3 52. Rf2 Rg3+ 53. Kh2 f4 (53... Rc3 $17 54. Ra2 Re3) 54. Rc2 $11 f3 {...Kf4 is the strong threat.} 55. Rf2 Kf4 56. Ra2 Rg8 {White must now prevent ...Re8.} 57. Rb2 Re8 {( -> ...Re2+)} 58. Rf2 $2 {[%mdl 8192]} (58. Rb7 $17) 58... Re2 59. Kg1 Ke3 60. Rf1 {[#]} Rg2+ $1 61. Kh1 Rg3 $2 (61... Rb2 {Strongly threatening ...Kf4.} 62. Rc1 Kf4) 62. Kh2 $19 f2 $2 ({Black should play} 62... Ke2 $19 63. Rb1 Rg2+ 64. Kh1 Rg8 65. Rb2+ Ke3) 63. Rh1 $2 {[%mdl 8192]} (63. Ra1 $11) 63... Ke2 {Black mates.} 64. Rf1 {[#]} Rxh3+ $1 {[%mdl 512]} 65. Kxh3 Kxf1 {Precision: White = 37%, Black = 41%.} 0-1

[Event "RUS-chT Blitz Women 2018"]
[Site "Sochi"]
[Date "2018.10.10"]
[Round "10"]
[White "Ershova, Margarita"]
[Black "Shafigullina, Zarina"]
[Result "0-1"]
[WhiteElo "1511"]
[BlackElo "2150"]
[Annotator "TA"]
[PlyCount "112"]
[EventDate "2018.10.10"]
[EventType "swiss"]
[EventCountry "RUS"]
[SourceTitle "playchess.com"]
[Source "ChessBase"]
[SourceQuality "1"]

{[%evp 9,112,-15,-9,-5,-3,-5,25,0,38,31,48,29,62,42,39,8,38,8,24,24,16,3,56,26,26,25,26,30,27,7,19,14,100,98,108,27,68,26,26,29,29,25,30,18,16,0,0,-4,0,0,0,0,0,0,0,0,0,0,0,0,0,7,9,0,0,-115,-107,-114,-81,-233,-216,-214,-189,-326,-339,-1735,-1302,-1620,-1596,-6099,-6083,-5110,-5110,-5357,-5273,-29960,-5106,-29982,-29983,-29983,-29984,-29984,-29985,-29985,-29986,-29985,-29986,-29986,-29987,-29987,-29988,-29988,-29989,-29991,-29990]} 1. d4 Nf6 2. Bf4 c5 3. e3 Qb6 4. b3 (4. Nc3 a6 5. Bc4 cxd4 6. exd4 e6 7. Nge2 d5 8. Bb3 Bd7 9. O-O Be7 10. Qe1 O-O 11. Rd1 Nc6 {1-0 (23) Aronian,L (2767)-Giri,A (2782) chess.com INT 2018}) 4... e6 5. c3 d5 6. Nd2 {A45: Trompowsky Attack} Bd7 7. Bd3 Nc6 8. Ngf3 {White has an edge.} Be7 9. O-O O-O $146 ({Predecessor:} 9... cxd4 10. exd4 {½-½ (85) Holman,R (1912)-Petras,M (2027) Vsetin 2015}) 10. Ne5 Qd8 11. h3 Rc8 12. Ndf3 Ne4 13. Rc1 (13. Bxe4 $5 dxe4 14. dxc5 $14) 13... f6 14. Nxc6 Bxc6 15. Nd2 Bd6 ({Black should try} 15... b5 $11) 16. Bxd6 Qxd6 17. Nxe4 dxe4 18. Bc4 Rfe8 19. Qg4 Bd5 20. Bb5 Rf8 (20... Bc6 $11 21. Be2 cxd4 22. cxd4 Bd5) 21. c4 $16 Bc6 22. Bxc6 (22. dxc5 $16 Qe7 23. b4) 22... Qxc6 23. dxc5 f5 24. Qe2 Qxc5 25. Rfd1 Rfd8 26. Rd2 Rd6 27. Rcd1 Rcd8 $1 28. Qe1 Qb4 (28... Rd3 {feels hotter.} 29. Rxd3 exd3 30. Qc3 Qd6 31. f4 h6) 29. Rxd6 Qxe1+ 30. Rxe1 Rxd6 $11 {[%mdl 4096] Endgame KR-KR} 31. Kf1 Kf7 32. Ke2 Ra6 33. Ra1 Kf6 34. Kd2 Ke5 35. Kc3 g5 36. a3 Rd6 37. c5 (37. Kc2 $11 {keeps the balance.}) 37... Rd3+ $17 38. Kc2 f4 39. exf4+ $2 (39. Rd1 $17 fxe3 40. fxe3 Rxe3 41. Rd7) 39... gxf4 $19 40. b4 Kd5 41. Rd1 {[#]} (41. a4 {was worth a try.}) 41... Kc4 $1 42. Rxd3 $2 (42. Rc1 Rxa3 43. Kd1+ Kxb4 44. c6 bxc6 45. Rxc6) 42... exd3+ {KP-KP} 43. Kd2 e5 {[%cal Be6e5,Be5e4,Be4e3,Be3e2][%mdl 32]} 44. g4 fxg3 45. fxg3 e4 46. g4 Kd4 47. b5 Kxc5 (47... e3+ $142 48. Kd1 Kc3 49. a4 e2+ 50. Ke1 Kc2 51. g5 d2+ 52. Kxe2 d1=Q+ 53. Ke3 Qg1+ 54. Kf3 Qxc5 55. b6 Qf5+ 56. Kg2 axb6 57. h4 Qg4+ 58. Kf2 Qxh4+ 59. Kg2 Qxg5+ 60. Kf2 Kd3 61. Kf3 Kd2 62. a5 bxa5 63. Ke4 Qf6 64. Kd5 Kd3 65. Kc5 Qc6#) 48. h4 Kd4 {Black mates.} 49. g5 e3+ 50. Kd1 Kc3 51. h5 e2+ 52. Ke1 Kc2 53. g6 hxg6 54. hxg6 d2+ 55. Kxe2 d1=Q+ 56. Kf2 Qg4 {Precision: White = 34%, Black = 59%.} 0-1